Female Friends in the Movies Quiz Stats

 Plays Quiz Updated Jan 12, 2016

Score 0/28 Timer 08:00
5 Plays Today
% Correct
Mean Girls
96.8%
Sex and the City 2
85.9%
A League of Their Own
79.2%
Bend It Like Beckham
76.5%
Clueless
75.4%
The Help
72.7%
Bridesmaids
71.8%
Thelma & Louise
71.7%
Bring It On
71.3%
Scream
69.9%
Monster
66.7%
Girl, Interrupted
59.7%
Black Swan
58.3%
American Pie
50.7%
% Correct
The Witches of Eastwick
49.9%
Cruel Intentions
49.4%
Romy and Michele's High School Reunion
47.5%
The Color Purple
44.3%
American Beauty
41.9%
Taken
40.2%
Fried Green Tomatoes
37.3%
Crazy, Stupid, Love.
33%
The Craft
32.7%
Gentlemen Prefer Blondes
31.1%
Gothika
23.6%
Ghost World
21.8%
Mulholland Dr.
17.6%
Heavenly Creatures
12.1%

You're not logged in!

Compare scores with friends on all Sporcle quizzes.
OR
Log In

Show Comments

Extras

Top Quizzes Today


Score Distribution

Your Account Isn't Verified!

In order to create a playlist on Sporcle, you need to verify the email address you used during registration. Go to your Sporcle Settings to finish the process.

Report this User

Report this user for behavior that violates our Community Guidelines.

Details: